| 000 | 00889nam a2200289 a 4500 | ||
|---|---|---|---|
| 001 | 78280 | ||
| 003 | BD-RjUL | ||
| 005 | 20211209083119.0 | ||
| 008 | 841116s1982 bg b 001 0 eng | ||
| 020 | _cTk35.00 ($5.00 U.S.) | ||
| 035 | _a(BD-RjUL)78506 | ||
| 040 |
_aDLC _cDLC _dDLC _dBD-RjUL _beng |
||
| 041 | _aeng | ||
| 043 | _aa-bg--- | ||
| 082 | 0 | 0 |
_a338.95492 _223 _bHYL 1982 |
| 100 | 0 |
_aHye, Hasnat Abdul. _9247327 |
|
| 245 | 1 | 0 |
_aLocal level planning in Bangladesh / _cHasnat Abdul Hye. |
| 260 |
_aDacca : _bNational Institute of Local Government, _c1982. |
||
| 300 |
_av, 153 p. ; _c23 cm. |
||
| 500 | _aIncludes index. | ||
| 504 | _aBibliography: p. [145]-148. | ||
| 650 | 0 |
_aRegional planning _zBangladesh. _9247328 |
|
| 651 | 0 |
_aBangladesh _xEconomic policy. _9247329 |
|
| 651 | 0 |
_aBangladesh _xSocial policy. _9247330 |
|
| 942 |
_2ddc _cBK |
||
| 999 |
_c78280 _d78280 |
||